[Event "38th Olympiad w"]
[Site "Dresden GER"]
[Date "2008.11.16"]
[Round "4"]
[White "Maric, A."]
[Black "Socko, M."]
[Result "1/2-1/2"]
[WhiteElo "2405"]
[BlackElo "2434"]
[PlyCount "59"]
[EventDate "2008.11.13"]

1. Nf3 d5 2. d4 Nf6 3. c4 c6 4. e3 g6 5. Nc3 Bg7 6. Bd3 O-O 7. O-O Be6 8. Qe2
Nbd7 9. b3 c5 10. Bb2 cxd4 11. Nxd4 dxc4 12. Bxc4 Bxc4 13. Qxc4 Rc8 14. Qe2 e5
15. Ndb5 a6 16. Nd6 Rc6 17. Nde4 Qe7 18. Nxf6+ Nxf6 19. Rfd1 Rfc8 20. Nd5 Nxd5
21. Rxd5 e4 22. Bxg7 Kxg7 23. Rad1 Rc2 24. R5d2 Rxd2 25. Qxd2 Qe5 26. h3 Rc7
27. Qe2 Rc5 28. Qd2 Rc7 29. Qe2 Rc5 30. Qd2 1/2-1/2

[Event "38th Olympiad w"]
[Site "Dresden GER"]
[Date "2008.11.17"]
[Round "5"]
[White "Socko, M."]
[Black "Hou Yifan"]
[Result "1/2-1/2"]
[WhiteElo "2434"]
[BlackElo "2578"]
[PlyCount "65"]
[EventDate "2008.11.13"]

1. d4 Nf6 2. c4 e6 3. Nc3 Bb4 4. e3 O-O 5. Bd3 d5 6. Nf3 c5 7. O-O Nc6 8. a3
Bxc3 9. bxc3 Qc7 10. a4 dxc4 11. Bxc4 b6 12. Ba3 Bb7 13. Bd3 Rfd8 14. Qc2 e5
15. Ng5 h6 16. Ne4 Nxe4 17. Bxe4 Na5 18. dxc5 Bxe4 19. Qxe4 Nb3 20. cxb6 axb6
21. Rad1 Qxc3 22. Be7 Re8 23. Rd7 Rac8 24. Rfd1 Rc7 25. Qd5 Rxd7 26. Qxd7 Qc8
27. f3 Qxd7 28. Rxd7 Ra8 29. Rd8+ Rxd8 30. Bxd8 Nc5 31. Bxb6 Nxa4 32. Bc7 f6
33. e4 1/2-1/2

[Event "38th Olympiad w"]
[Site "Dresden GER"]
[Date "2008.11.16"]
[Round "4"]
[White "Rajlich, I."]
[Black "Bojkovic, N."]
[Result "1-0"]
[WhiteElo "2404"]
[BlackElo "2420"]
[PlyCount "164"]
[EventDate "2008.11.13"]

1. d4 Nf6 2. c4 e6 3. Nc3 Bb4 4. Qc2 O-O 5. Nf3 c5 6. dxc5 Na6 7. g3 Nxc5 8.
Bg2 b6 9. O-O Bxc3 10. Qxc3 Bb7 11. Rd1 Rc8 12. Be3 d5 13. Rac1 Qe7 14. Qa3 a5
15. Ne5 Rfd8 16. cxd5 exd5 17. Nf3 Nfe4 18. Bh3 Ra8 19. Nd4 Nd6 20. b3 Qf6 21.
Rc2 h6 22. Qc1 Re8 23. Nf3 Nf5 24. Bxc5 bxc5 25. Qf4 Nd6 26. Qxf6 gxf6 27. Nh4
a4 28. Bg2 axb3 29. axb3 d4 30. Rxc5 Rxe2 31. Bxb7 Nxb7 32. Rc6 Raa2 33. Rxf6
Nc5 34. Rxd4 Ne4 35. Rxh6 Re1+ 36. Kg2 Rxf2+ 37. Kh3 Ng5+ 38. Kg4 Ne6 39. Rc4
Kg7 40. Rh5 Kf6 41. Rf5+ Rxf5 42. Nxf5 Rb1 43. b4 Ke5 44. Ne7 Rf1 45. Nc6+ Kd5
46. Rc2 f5+ 47. Kh3 Rb1 48. Ne7+ Ke5 49. Re2+ Kf6 50. Nd5+ Kf7 51. Rf2 Ng7 52.
Ra2 Ne6 53. Ra7+ Kg6 54. Ra6 Kf7 55. Kh4 Rb2 56. h3 Rb3 57. Ra7+ Kg6 58. Ra6
Kf7 59. Rb6 Nd4 60. g4 fxg4 61. hxg4 Rb1 62. Rf6+ Kg7 63. Rd6 Nf3+ 64. Kg3 Ne5
65. Kf4 Nd3+ 66. Kg5 Ne5 67. Kf5 Nf7 68. Rg6+ Kf8 69. Rb6 Kg7 70. Rb7 Kf8 71.
Rb8+ Kg7 72. Rb7 Kf8 73. Ra7 Re1 74. Kf4 Rd1 75. Ra5 Rd4+ 76. Kf5 Rd1 77. Nf4
Rb1 78. Ra8+ Ke7 79. Ra7+ Ke8 80. Nd5 Rf1+ 81. Ke4 Nd6+ 82. Ke5 Nb5 1-0

[Event "38th Olympiad w"]
[Site "Dresden GER"]
[Date "2008.11.22"]
[Round "9"]
[White "Zawadzka, J."]
[Black "Goletiani, R."]
[Result "1/2-1/2"]
[WhiteElo "2378"]
[BlackElo "2359"]
[PlyCount "107"]
[EventDate "2008.11.13"]

1. e4 c5 2. Nf3 e6 3. d4 cxd4 4. Nxd4 a6 5. Nc3 Qc7 6. Bd3 Nf6 7. O-O d6 8. Kh1
Nbd7 9. f4 b5 10. Qe2 Bb7 11. a3 Be7 12. Bd2 h5 13. Rf3 Ng4 14. Raf1 g6 15. Nb3
Nc5 16. Nd1 Rc8 17. Bc3 Bf6 18. Nxc5 dxc5 19. Bxf6 Nxf6 20. c4 b4 21. Rg3 h4
22. Rh3 e5 23. axb4 cxb4 24. Ne3 exf4 25. Nd5 Bxd5 26. exd5+ Kf8 27. Qd2 g5 28.
Qxb4+ Kg7 29. Rhf3 Nh5 30. Qc3+ f6 31. Bf5 Rce8 32. Qd3 Qe5 33. Bg4 Ng3+ 34.
hxg3 hxg3+ 35. Kg1 Rh4 36. Bh3 Rxh3 37. gxh3 Qxb2 38. Rxg3 fxg3 39. Qxg3 Qd4+
40. Qf2 Re3 41. c5 Qe5 42. Qf5 Qg3+ 43. Kh1 Qxh3+ 44. Qxh3 Rxh3+ 45. Kg2 Rc3
46. c6 Kf7 47. Rd1 Ke8 48. Ra1 Rc5 49. Rxa6 Rxd5 50. c7 Kd7 51. Rxf6 Kxc7 52.
Kg3 Kd7 53. Kg4 Ke7 54. Rg6 1/2-1/2

[Event "38th Olympiad w"]
[Site "Dresden GER"]
[Date "2008.11.16"]
[Round "4"]
[White "Majdan, J."]
[Black "Benderac, A."]
[Result "1-0"]
[WhiteElo "2284"]
[BlackElo "2310"]
[PlyCount "41"]
[EventDate "2008.11.13"]

1. e4 e6 2. d4 d5 3. Nc3 dxe4 4. Nxe4 Nd7 5. Nf3 Ngf6 6. Nxf6+ Nxf6 7. Bd3 c5
8. Be3 Nd5 9. Qe2 Nxe3 10. fxe3 Bd6 11. Bb5+ Ke7 12. O-O Bd7 13. dxc5 Bb8 14.
Rad1 Bxb5 15. Qxb5 Qc8 16. c6 bxc6 17. Qg5+ Ke8 18. Qxg7 Rf8 19. Ng5 Qc7 20.
Qxf8+ Kxf8 21. Nxe6+ 1-0

[Event "38th Olympiad w"]
[Site "Dresden GER"]
[Date "2008.11.17"]
[Round "5"]
[White "Tan Zhongyi"]
[Black "Przezdziecka, M."]
[Result "1-0"]
[WhiteElo "2395"]
[BlackElo "2327"]
[PlyCount "99"]
[EventDate "2008.11.13"]

1. d4 d5 2. c4 c6 3. Nf3 Nf6 4. Nc3 dxc4 5. a4 Bf5 6. Ne5 Nbd7 7. Nxc4 Nd5 8.
g3 e6 9. Bg2 Be7 10. O-O O-O 11. e4 Nxc3 12. bxc3 Bg6 13. a5 Nf6 14. Re1 c5 15.
d5 exd5 16. exd5 Nd7 17. Bf4 Bf6 18. Qb3 Bd3 19. Ne5 Nxe5 20. Bxe5 Bxe5 21.
Rxe5 b5 22. axb6 axb6 23. Rae1 b5 24. d6 Ra6 25. Bd5 Bc4 26. Bxc4 bxc4 27. Qxc4
Qxd6 28. Rxc5 g6 29. Rc7 Ra4 30. Qxa4 Qxc7 31. c4 Rc8 32. Re8+ Rxe8 33. Qxe8+
Kg7 34. Qb5 h5 35. h4 Qe7 36. Qd5 Kf8 37. Kg2 Qc7 38. Kf3 Ke7 39. Ke4 Qb6 40.
Qe5+ Kf8 41. c5 Qb1+ 42. Kd5 Qb3+ 43. Kc6 Qb4 44. Qd6+ Ke8 45. Kc7 Qa5+ 46. Qb6
Qa1 47. c6 f5 48. Qe3+ Kf7 49. Kb7 Qb2+ 50. Qb6 1-0